Computer-based chemical information / (Record no. 178932)
[ view plain ]
| 000 -LEADER | |
|---|---|
| fixed length control field | 01170 a2200229 4500 |
| 003 - CONTROL NUMBER IDENTIFIER | |
| control field | Nust |
| 005 - DATE AND TIME OF LATEST TRANSACTION | |
| control field | 20230523125447.0 |
| 010 ## - LIBRARY OF CONGRESS CONTROL NUMBER | |
| LC control number | 72095840 |
| 020 ## - INTERNATIONAL STANDARD BOOK NUMBER | |
| International Standard Book Number | 082476045X |
| 040 ## - CATALOGING SOURCE | |
| Transcribing agency | Nust |
| 082 00 - DEWEY DECIMAL CLASSIFICATION NUMBER | |
| Classification number | 029.954,COM |
| 100 1# - MAIN ENTRY--PERSONAL NAME | |
| Personal name | Arnett, Edward McC. |
| 9 (RLIN) | 112543 |
| 245 10 - TITLE STATEMENT | |
| Title | Computer-based chemical information / |
| Statement of responsibility, etc. | Edited by Edward McC. Arnett and Allen Kent. |
| 260 ## - PUBLICATION, DISTRIBUTION, ETC. | |
| Place of publication, distribution, etc. | New York, |
| Name of publisher, distributor, etc. | M. Dekker, |
| Date of publication, distribution, etc. | 1973. |
| 300 ## - PHYSICAL DESCRIPTION | |
| Extent | 217 p. |
| Other physical details | illus. |
| Dimensions | 24 cm. |
| 440 #0 - SERIES STATEMENT/ADDED ENTRY--TITLE | |
| Title | Books in library and information science, |
| Volume/sequential designation | v. 4 |
| 9 (RLIN) | 112544 |
| 505 ## - FORMATTED CONTENTS NOTE | |
| Formatted contents note | The Research Chemist and His Information Environment (Page-1), The Pittsburgh Chemical Information Center –Internal and External Interactions (Page-19), The User,S Information Systems an Evaluative Research Approach (Page-43), System Design ,Implementation and Evaluation (Page-83), Interactive Retrieval Systems (Page-125), Approach to the Economical Retrospective Machine –Searching of the Chemical Literature (Page-139). |
| 650 #0 - SUBJECT ADDED ENTRY--TOPICAL TERM | |
| Topical term or geographic name entry element | Chemistry |
| General subdivision | Abstracting and indexing |
| -- | Data processing. |
| 9 (RLIN) | 112528 |
| 650 #0 - SUBJECT ADDED ENTRY--TOPICAL TERM | |
| Topical term or geographic name entry element | Information storage and retrieval systems |
| General subdivision | Chemistry. |
| 9 (RLIN) | 112529 |
| 700 1# - ADDED ENTRY--PERSONAL NAME | |
| Personal name | Kent, Allen, |
| 9 (RLIN) | 112545 |
| 942 ## - ADDED ENTRY ELEMENTS (KOHA) | |
| Source of classification or shelving scheme | |
| Koha item type | Book Bank |
| Withdrawn status | Lost status | Source of classification or shelving scheme | Damaged status | Not for loan | Permanent Location | Current Location | Shelving location | Date acquired | Full call number | Barcode | Date last seen | Price effective from | Koha item type | Public note |
|---|---|---|---|---|---|---|---|---|---|---|---|---|---|---|
| Military College of Signals (MCS) | Military College of Signals (MCS) | General Stacks | 12/12/2016 | 029.954,COM | MCS2490 | 12/08/2016 | 12/12/2016 | Book | Almirah No.79, Shelf No.1 |
